000 00971nam a2200277Ia 4500
001 2666
003 GE_BSU
008 181216s||||||||xx |||||||||||||| ||und||
020 _a9789941902949
040 _cGE_BSU
100 _aგოგოხია,მაია
245 _aსაბანკო საქმე
245 _bლექციების კურსი
245 _cრედ:პროფ. გ.გამსახურდია
250 _aმეორე გადამუშავებული გამოცემა
260 _aთბილისი
260 _bშპს ,,ლამპარი''
260 _c2008
300 _a413 გვ.
541 _h12ლ.
653 _aსაბანკო ლიკვიდობა
653 _aსაბანკო მარკეტინგი
653 _aსაბანკო საქმე
653 _aსავალუტო ბაზარი
942 _cBK
999 _c36731
_d36731